00950pam 2200289 a 4500001000800000005001700008008004100025035002100066906004500087010001700132020002500149020003200174040001800206043001200224050002300236082001400259100001800273245009400291260003800385300004700423504005300470650002300523700002000546922000700566991006200573099002500635243946019900904095620.8881028s1989 nyua 001 0 eng  9(DLC) 88051581 a7bcbccorignewd1eocipf19gy-gencatlg a 88051581  z0893803921 :c$27.95 a0894803417 (pbk.) :c$17.95 aDLCcDLCdDLC an-us---00aTX715b.R8413 198900a641.52201 aRosso, Julee.14aThe new basics cookbook /cby Julee Rosso & Sheila Lukins ; illustrated by Sheila Lukins. aNew York :bWorkman Pub.,cc1989. axiii, 849 p. :bill. (some col.) ;c24 cm. aIncludes bibliographical references (p. 801-803) 0aCookery, American.1 aLukins, Sheila. aad bc-GenCollhTX715i.R8413 1989p00012209381tCopy 1wBOOKS arosso-new-1072543092